Modelo de operación del sistema de canales del distrito de riego Arenal -Tempisque
Gespeichert in:
| 1. Verfasser: | |
|---|---|
| Format: | Buch |
| Sprache: | Spanish |
| Veröffentlicht: |
[San José], Costa Rica
2016
|
| Schlagworte: | |
| Tags: |
Tag hinzufügen
Keine Tags, Fügen Sie den ersten Tag hinzu!
|
MARC
| LEADER | 00000nam a22000007a 4500 | ||
|---|---|---|---|
| 003 | 012536 | ||
| 005 | 20221231144143.0 | ||
| 008 | 170203b2016 cr a|||| m||| 00| ||spa d | ||
| 040 | |c cru CEDI | ||
| 090 | |a TFG 7687 | ||
| 100 | |9 6725 |a Acuña Espinoza, Eduardo José | ||
| 245 | |a Modelo de operación del sistema de canales del distrito de riego Arenal -Tempisque | ||
| 260 | |a [San José], Costa Rica |c 2016 | ||
| 300 | |a xvi, 112 hojas ; ilustraciones | ||
| 500 | |a Proyecto de graduación (licenciatura en ingeniería civil)--Universidad de Costa Rica. Facultad de Ingeniería. Escuela de Ingeniería Civil | ||
| 650 | |x CANALES DE RIEGO |x RIEGO - ARENAL -TEMPISQUE (GUANACASTE, COSTA RICA) |x INGENIERÍA HIDRAÚLICA |9 6726 | ||
| 942 | |c TFG | ||
| 999 | |c 17658 |d 17658 | ||
